Photograph - Ed Sheeran Lyrics - Statistics

General Stats
  • This quiz has been taken 432 times
  • The average score is 239 of 318
Answer Stats
Lyric % Correct
I
100%
me
98%
the
98%
you
98%
a
96%
in
96%
can
95%
so
94%
keep
93%
photograph
93%
your
92%
for
90%
inside
90%
of
90%
on
90%
we
90%
our
89%
that
89%
it
88%
jeans
88%
love
88%
ripped
87%
hurt
86%
only
86%
pocket
86%
when
85%
it's
84%
its
84%
Lovin
84%
lovin
84%
this
84%
memories
83%
and
82%
make
82%
sometimes
82%
thing
82%
but
81%
eyes
81%
hold
81%
know
81%
never
80%
ourselves
80%
these
80%
to
80%
be
78%
is
77%
get
76%
holdin
76%
come
74%
hearts
74%
home
74%
wait
74%
are
73%
feel
73%
hard
73%
us
73%
still
71%
alive
70%
frozen
70%
times
70%
alone
69%
broken
68%
makes
68%
soul
67%
forever
66%
ever
65%
meet
65%
where
65%
closer
64%
gets
63%
will
63%
til
62%
closin
59%
heal
59%
won't
56%
die
52%
easier
52%
mend
52%
were
52%
with
51%
go
50%
baby
49%
if
49%
remember
49%
just
45%
okay
45%
that's
45%
words
43%
holding
41%
bleed
40%
let
40%
pages
40%
take
38%
oh
36%
piece
35%
swear
35%
well
34%
every
33%
sixteen
33%
kissed
31%
necklace
31%
street
30%
under
30%
back
29%
how
29%
i'm
29%
should
29%
ya
29%
sixth
28%
deep
25%
phone
25%
whisper
25%
lampost
24%
next
24%
within
24%
away
23%
hearing
22%
through
22%
heartbeat
19%
fit
18%
bought
15%
No matching quizzes found
Score Distribution
Percent of People with Each Score
Percentile by Number Answered
Your Score History
You have not taken this quiz